000 01415nam0a22002531 4500
001 rc\627861
005 20250621190719.0
035 _a(NLR Aleph) 005870167
090 _a5970353
_c5970353
100 _a20031121d1986 |||y0rusy50 ca
101 0 _arus
102 _aRU
105 _ay |||||||||
200 1 _aКомплексный прогноз развития и размещения рыбного хозяйства СССР
_eК пробл. 27 (4.2.1.4.)
_eРаздел "Схема развития и размещения рыб. хоз-ва СССР на период до 2005 года. Т. 3.: Прил.
_eОтчет по теме
_fМ-во рыб. хоз-ва СССР, ЦНИИ информ. и техн.-экон. исслед. рыб. хоз-ва (ЦНИИТЭИРХ)
_gРуководитель темы к. т. н. Ю.А. Шпаченков
210 _aМ.
_cЦНИИТЭИРХ
_d1986
215 _a227 с.
_d20
300 _aЗагл. обл.: Схема развития и размещения рыбного хозяйства СССР на период до 2005 года: Проект
333 _aДСП. Экз. № 00010
512 0 _aСхема развития и размещения рыбного хозяйства СССР на период до 2005 года
801 0 _aRU
_bNLR
_gpsbo
801 1 _aRU
_bELAR
_2rusmarc
852 _aNLR
_j86-50К/8593
942 _cBOOK
980 _aNB